<?xml version="1.0" encoding="UTF-8"?>
<record
    xmlns:xsi="http://www.w3.org/2001/XMLSchema-instance"
    xsi:schemaLocation="http://www.loc.gov/MARC21/slim http://www.loc.gov/standards/marcxml/schema/MARC21slim.xsd"
    xmlns="http://www.loc.gov/MARC21/slim">

  <leader>00898nam0a22002651  4500</leader>
  <controlfield tag="001">rc\289227</controlfield>
  <controlfield tag="005">20250621021853.0</controlfield>
  <datafield tag="010" ind1=" " ind2=" ">
    <subfield code="a">5-02-016821-1</subfield>
    <subfield code="9">650</subfield>
  </datafield>
  <datafield tag="035" ind1=" " ind2=" ">
    <subfield code="a">(NLR Aleph) 005520742</subfield>
  </datafield>
  <datafield tag="090" ind1=" " ind2=" ">
    <subfield code="a">5505401</subfield>
    <subfield code="c">5505401</subfield>
  </datafield>
  <datafield tag="100" ind1=" " ind2=" ">
    <subfield code="a">20030307d1990    |||y0rusy50      ca</subfield>
  </datafield>
  <datafield tag="101" ind1="0" ind2=" ">
    <subfield code="a">rus</subfield>
  </datafield>
  <datafield tag="102" ind1=" " ind2=" ">
    <subfield code="a">RU</subfield>
  </datafield>
  <datafield tag="105" ind1=" " ind2=" ">
    <subfield code="a">y   |||||||||</subfield>
  </datafield>
  <datafield tag="200" ind1="1" ind2=" ">
    <subfield code="a">&#x421;&#x43E;&#x432;&#x440;&#x435;&#x43C;&#x435;&#x43D;&#x43D;&#x44B;&#x439; &#x441;&#x43E;&#x43C;&#x430;&#x43B;&#x438;&#x439;&#x441;&#x43A;&#x438;&#x439; &#x44F;&#x437;&#x44B;&#x43A;</subfield>
    <subfield code="f">[&#x410;&#x41D; &#x421;&#x421;&#x421;&#x420;. &#x418;&#x43D;-&#x442; &#x432;&#x43E;&#x441;&#x442;&#x43E;&#x43A;&#x43E;&#x432;&#x435;&#x434;&#x435;&#x43D;&#x438;&#x44F;]</subfield>
  </datafield>
  <datafield tag="210" ind1=" " ind2=" ">
    <subfield code="a">&#x41C;.</subfield>
    <subfield code="c">&#x41D;&#x430;&#x443;&#x43A;&#x430;</subfield>
    <subfield code="d">1990</subfield>
  </datafield>
  <datafield tag="215" ind1=" " ind2=" ">
    <subfield code="a">114, [2] &#x441;.</subfield>
    <subfield code="d">22</subfield>
  </datafield>
  <datafield tag="225" ind1="1" ind2=" ">
    <subfield code="a">&#x42F;&#x437;&#x44B;&#x43A;&#x438; &#x43D;&#x430;&#x440;&#x43E;&#x434;&#x43E;&#x432; &#x410;&#x437;&#x438;&#x438; &#x438; &#x410;&#x444;&#x440;&#x438;&#x43A;&#x438;</subfield>
    <subfield code="e">&#x421;&#x435;&#x440;. &#x43E;&#x441;&#x43D;. &#x413;.&#x41F;. &#x421;&#x435;&#x440;&#x434;&#x44E;&#x447;&#x435;&#x43D;&#x43A;&#x43E; &#x432; 1959 &#x433;.</subfield>
  </datafield>
  <datafield tag="320" ind1=" " ind2=" ">
    <subfield code="a">&#x411;&#x438;&#x431;&#x43B;&#x438;&#x43E;&#x433;&#x440;.: &#x441;. 113-115 (89 &#x43D;&#x430;&#x437;&#x432;.)</subfield>
  </datafield>
  <datafield tag="700" ind1=" " ind2="1">
    <subfield code="a">&#x414;&#x443;&#x431;&#x43D;&#x43E;&#x432;&#x430;</subfield>
    <subfield code="b">&#x415;.&#x417;.</subfield>
    <subfield code="g">&#x415;&#x43B;&#x435;&#x43D;&#x430; &#x417;&#x438;&#x43D;&#x43E;&#x432;&#x44C;&#x435;&#x432;&#x43D;&#x430;</subfield>
  </datafield>
  <datafield tag="801" ind1=" " ind2="0">
    <subfield code="a">RU</subfield>
    <subfield code="b">NLR</subfield>
    <subfield code="g">psbo</subfield>
  </datafield>
  <datafield tag="801" ind1=" " ind2="1">
    <subfield code="a">RU</subfield>
    <subfield code="b">ELAR</subfield>
    <subfield code="2">rusmarc</subfield>
  </datafield>
  <datafield tag="852" ind1=" " ind2=" ">
    <subfield code="a">NLR</subfield>
    <subfield code="j">90-5/2502</subfield>
  </datafield>
  <datafield tag="942" ind1=" " ind2=" ">
    <subfield code="c">BOOK</subfield>
  </datafield>
  <datafield tag="980" ind1=" " ind2=" ">
    <subfield code="a">NB</subfield>
  </datafield>
  <datafield tag="995" ind1=" " ind2=" ">
    <subfield code="5">2013-10-26</subfield>
    <subfield code="b">NLR01</subfield>
    <subfield code="c">NLR01</subfield>
    <subfield code="e">RF9</subfield>
    <subfield code="f">5520742-10</subfield>
    <subfield code="k">90-5/2502</subfield>
    <subfield code="o">0</subfield>
    <subfield code="r">BOOK</subfield>
    <subfield code="s">9052502_</subfield>
  </datafield>
</record>
